Medizin-Quiz 7 - Statistiken

Allgemein
  • Dieses Quiz wurde 686 mal gespielt
  • Das Durchschnittsergebnis liegt bei 10 aus 15
Antwortstatistiken
Beschreibung Begriff % Korrekt
inneres Organ, das durch Kontraktion Blut durch den Körper pumpt Herz
94%
Überbegriff für das menschliche Knochengerüst Skelett
92%
weißgelbe, dickliche Absonderung aus Wunden Eiter
88%
Ein langjähriger Alkoholiker, der sich zwecks Behandlung seiner Sucht in eine Klinik begibt, ist auf.... Entzug
87%
Teil des Gefäßsystems, in dieser wird das Blut gesammelt und zum Herzen zurücktransportiert Vene
81%
Bindegewebestrang, der Muskeln und Knochen verbindet Sehne
79%
Bezeichnung für die Lebensperiode einer Frau, in welcher der Östrogenspiegel so stark absinkt, dass die Menstruation ausbleibt (meist zwischen dem 45. und 55. Lebensjahr) Wechseljahre
79%
Zeit, die zwischen der Ansteckung durch infektiöse Erreger und dem ersten Auftreten von Symptomen vergeht Inkubationszeit
76%
Terminus für Brustkorb Thorax
63%
Fachbegriff für Ess-Brech-Sucht Bulimie
58%
Eintritt des Todes infolge Sauerstoffverarmung, z.B. wenn ein Astronaut im Weltall seinen Helm abnimmt Ersticken
55%
Terminus für Magenschleimhautentzündung Gastritis
55%
Organismus, der einseitig Nahrung einem anderen Organismus (Wirt) entzieht Parasit
55%
Teilgebiet der Medizin, das sich mit seelischen Erkrankungen befasst Psychiatrie
48%
Fachbegriff für Beruhigungsmittel Sedativa
22%
Keine übereinstimmenden Quizze gefunden
Verteilung der Resultate
Anzahl Personen mit jedem Resultat
Perzentil nach korrekt beantworteten Fragen
Ihre Resultats-Entwicklung
Sie haben dieses Quiz noch nicht gespielt